| 000 | 01234cam a2200217 4500 | ||
|---|---|---|---|
| 001 | ABS68725 | ||
| 008 | 050304n2005 000 0 eng u | ||
| 035 | _a(Sirsi) u128937 | ||
| 100 | _aBingham, T. | ||
| 245 | _aStop having fun | ||
| 260 | _c2005 | ||
| 490 |
_aBuilding _v270(8369) 18 February 2005, 52-53(2) |
||
| 520 | _aDiscusses the effect of new litigation rules in Scotland caused by the Act of Sederunt (Summary Cause Rules) 2002 and argues that they should apply to adjudication. The new rules stipulate that before coming to court the pursuer should have set out to the intended defender the nature of the claim and supplied any copies of any documents relied upon. The defender is then expected to respond by setting out the nature of the defence and its facts and legal grounds. Adjudication could use these concepts by fully investigating the issues prior to the raising of an action. | ||
| 590 | _aABS | ||
| 650 | _aSCOTLAND | ||
| 650 | _aMANAGEMENT-DISPUTE AVOIDANCE, MANAGEMENT AND RESOLUTION-DISPUTE MANAGEMENT AND RESOLUTION-ALTERNATIVE DISPUTE RESOLUTION-ADJUDICATION | ||
| 650 | _aLITIGATION | ||
| 650 | _aBUILT ENVIRONMENT-BUILDING CONTRACT FORMS | ||
| 690 |
_aDispute resolution _96236 |
||
| 942 | _n0 | ||
| 999 |
_c74874 _d74874 |
||